000 00560nam a22001937a 4500
999 _c11006
_d11006
003 AR-CdUCM
008 190402b ||||| |||| 00| 0 spa d
040 _aMUNICIPALIDAD PROVINCIAL DEL CUSCO
_cBIBLIOTECA MUNICIPAL DEL CUSCO
082 _aEP / 372.64 /
_bV64
100 _aVigil
_928112
245 _aJuan Pirincho /
260 _aArgentina :
_bAtlantida,
_c1968.
300 _bIlustraciones,
_c31 cm.
505 _aContenido :Cuento infantil /
650 _aEducación primaria
_91561
650 _aCuento
_94671
942 _2ddc
_cLIBROS
945 _arjall